Top 110 najpopularniejszych imion męskich w Polsce w 2024 roku - Statystyki

Ogólne statystyki
  • Ten quiz został rozwiązany 659 razy
  • Średni wynik to 61 z 110
Statystyki odpowiedzi
ile nadawano miejsce imie % Poprawnych
477,845 7 Jan
88%
689,313 1 Piotr
87%
426,709 9 Jakub
86%
506,006 5 Paweł
83%
204,121 30 Bartosz
80%
377,011 13 Mateusz
80%
492,093 6 Michał
80%
401,674 10 Adam
79%
154,503 48 Aleksander
78%
536,774 3 Tomasz
78%
641,406 2 Krzysztof
77%
251,064 23 Kamil
76%
240,430 24 Szymon
76%
170,474 42 Filip
75%
228,002 28 Kacper
75%
169,877 44 Antoni
73%
165,749 45 Karol
73%
449,607 8 Marcin
73%
378,001 12 Marek
73%
533,141 4 Andrzej
71%
136,096 52 Franciszek
71%
374,820 14 Grzegorz
71%
366,180 15 Stanisław
71%
125,686 57 Bartłomiej
70%
183,944 37 Damian
70%
238,566 25 Dawid
70%
134,888 54 Dominik
70%
267,723 19 Maciej
70%
335,311 16 Wojciech
70%
383,582 11 Łukasz
69%
65,048 75 Nikodem
69%
114,841 58 Wiktor
69%
259,284 22 Robert
67%
283,981 18 Dariusz
66%
286,869 17 Mariusz
66%
92,562 64 Igor
64%
179,984 39 Patryk
64%
135,118 53 Mikołaj
63%
170,020 43 Daniel
62%
261,766 20 Rafał
61%
148,895 49 Adrian
60%
180,439 38 Janusz
59%
185,914 35 Sebastian
59%
160,865 47 Henryk
58%
89,347 67 Hubert
58%
57,126 81 Oliwier
58%
77,197 70 Oskar
58%
65,077 74 Czesław
57%
165,702 46 Przemysław
56%
198,702 32 Tadeusz
56%
190,644 34 Jarosław
55%
59,412 78 Leon
55%
261,536 21 Zbigniew
55%
231,162 27 Jacek
54%
133,350 55 Arkadiusz
53%
196,863 33 Artur
53%
44,828 89 Ignacy
53%
90,609 66 Konrad
53%
111,386 60 Krystian
53%
179,134 40 Mirosław
53%
70,920 72 Władysław
53%
46,767 87 Cezary
52%
77,900 69 Marcel
52%
29,598 98 Eryk
51%
204,623 29 Józef
51%
184,574 36 Sławomir
51%
143,008 50 Kazimierz
50%
103,780 62 Radosław
50%
128,983 56 Marian
49%
39,546 93 Norbert
49%
174,905 41 Roman
48%
29,031 99 Emil
47%
236,958 26 Jerzy
47%
41,697 92 Julian
47%
69,948 73 Maksymilian
47%
37,744 95 Tymoteusz
47%
136,950 51 Wiesław
47%
43,293 90 Gabriel
46%
112,775 59 Leszek
46%
64,993 76 Miłosz
46%
23,153 100 Natan
46%
201,190 31 Ryszard
46%
41,806 91 Zenon
46%
59,158 80 Ireneusz
45%
33,016 97 Błażej
44%
92,444 65 Zdzisław
43%
51,681 85 Alan
42%
94,808 63 Bogdan
42%
19,184 106 Olaf
42%
55,554 82 Stefan
41%
106,227 61 Waldemar
41%
79,225 68 Edward
40%
39,108 94 Tymon
40%
59,183 79 Bogusław
39%
23,026 101 Lech
39%
75,622 71 Mieczysław
39%
50,796 86 Zygmunt
39%
35,069 96 Fabian
38%
53,517 84 Sylwester
38%
45,993 88 Włodzimierz
38%
55,400 83 Witold
36%
21,895 102 Ksawery
35%
21,632 103 Wacław
35%
21,621 104 Bronisław
34%
60,543 77 Eugeniusz
34%
18,525 108 Bolesław
32%
20,581 105 Borys
30%
18,083 109 Kajetan
28%
18,923 107 Remigiusz
28%
16,196 110 Bruno
20%
Nie znaleziono quizów pasujących do podanych kryteriów
Rozkład punktacji
Procent ludzi z każdym wynikiem
Percentyl według liczby udzielonych odpowiedzi
Twoja historia wyników
Nie rozwiązałeś tego quizu